000 00854nam a2200217 a 4500
005 20140412111421.0
008 080103s19uu xx 00 eng d
020 _a0-590-22715-7
050 _aTR(PS E
_bEv2 1996
100 _aCristaldi, Kathryn
245 _aEven Steven and Odd Todd /
_cby Katryn Cristaldi ; illustrated by Henry B. Morehouse.
260 _aNew York :
_bScholastic Inc,
_cc1996.
300 _a1. v. (unp) : col. ill.; 23 cm
440 _aHello Math Reader . Level 3
500 _a" Cartwhell books"
520 _aThe arrival of cousin Odd Todd greatly upsets Even Steven who likes everything to come in even numbers, his pets,his library books, and even his pancakes. Includes an activities and games section.
650 _aCounting
_xfiction
650 _aNumerals
_xfiction
650 _aCousins
_xfiction
999 _c106017
_d106017